La ciencia física y el futuro del hombre europeo / (Record no. 37422)

MARC details
000 -LEADER
campo de control de longitud fija 00688nam a2200217 i 4500
001 - NÚMERO DE CONTROL
campo de control 37422
003 - IDENTIFICADOR DE NÚMERO DE CONTROL
campo de control ES-MaACL
005 - FECHA Y HORA DE LA ÚLTIMA TRANSACCIÓN
campo de control 20240526062936.0
007 - CAMPO FIJO DE DESCRIPCIÓN FÍSICA--INFORMACIÓN GENERAL
campo de control de longitud fija t|
008 - DATOS DE LONGITUD FIJA--INFORMACIÓN GENERAL
campo de control de longitud fija 030221q19501959sp ||||1| spa d
100 1# - ENTRADA PRINCIPAL--NOMBRE DE PERSONA
Nombre de persona Caba, Pedro,
Fechas asociadas al nombre 1900-1992
9 (RLIN) 33052
245 13 - MENCIÓN DEL TÍTULO
Título La ciencia física y el futuro del hombre europeo /
Mención de responsabilidad, etc. Pedro Caba.
260 ## - PUBLICACIÓN, DISTRIBUCIÓN, ETC.
Lugar de publicación, distribución, etc. Madrid :
Nombre del editor, distribuidor, etc. Colenda,
Fecha de publicación, distribución, etc. [195-?] (
Fabricante Fareso)
300 ## - DESCRIPCIÓN FÍSICA
Extensión 604 p. ;
Dimensiones 22 cm.
490 1# - MENCIÓN DE SERIE
Mención de serie La filosofía vuelve al hombre
650 #4 - PUNTO DE ACCESO ADICIONAL DE MATERIA--TÉRMINO DE MATERIA
Término de materia o nombre geográfico como elemento de entrada Epistemología.
9 (RLIN) 12338
650 ## - PUNTO DE ACCESO ADICIONAL DE MATERIA--TÉRMINO DE MATERIA
Término de materia o nombre geográfico como elemento de entrada Ciencia-
Subdivisión general Filosofía.
9 (RLIN) 10950
830 0# - PUNTO DE ACCESO ADICIONAL DE SERIE-TÍTULO UNIFORME
Título uniforme La filosofía vuelve al hombre
9 (RLIN) 229639
852 ## - LOCALIZACIÓN
Ubicación ES-MaACL
Número de control de estantería C-12878
Sublocalización o colección R.40839
Holdings
Estatus retirado Estado de pérdida Estado de daño No para préstamo Biblioteca de origen Biblioteca actual Ubicación en estantería Fecha de adquisición Fuente de adquisición Total de préstamos Signatura topográfica completa Código de barras Visto por última vez Precio de reemplazo Tipo de ítem Koha
        Biblioteca del Ateneo de Madrid Biblioteca del Ateneo de Madrid Sala Palomar 17/01/2008     C-12878 1039387 23/02/2023 23/02/2023 Libro impreso